PWR roster (Fortnite team) as of November 2024 - Statistics

General Stats
  • This quiz has been taken 134 times
  • The average score is 10 of 11
Answer Stats
Hint Answer % Correct
Content creator Boss Man Lachlan
100%
Content creator Girl Loserfruit
97%
Pro Best player in OCE Alex
91%
Pro My boy Looter
89%
Content creator Controller Winter
89%
Content creator Most Loved Vindooly
87%
Content creator Brother Chanzes
86%
Pro Best aim in OCE Worthy
86%
Content creator American Overstrand
84%
Coach Never in PWR vids Timmy
80%
Pro Newest member Volx
79%
No matching quizzes found
Score Distribution
Percent of People with Each Score
Percentile by Number Answered
Your Score History
You have not taken this quiz